| 000 | 00582nam a22002057a 4500 | ||
|---|---|---|---|
| 001 | 00028965 | ||
| 005 | 20260430154651.0 | ||
| 008 | 260430b ag ||||| |||| 00| 0 spa d | ||
| 020 | _a9509020009 | ||
| 040 |
_bspa _cAR-CcCEOS |
||
| 080 | _a615 | ||
| 090 | _bLAS | ||
| 100 |
_aFernando G. Lasala _91156 |
||
| 245 |
_aTemas de terapeutica clinica 1 : _bBases farmacológicas : Orientación fisiopatológica / _cFernando G. Lasala |
||
| 250 | _a1ª ed. | ||
| 260 |
_aBuenos Aires : _bAkadia, _c1984. |
||
| 300 |
_a912 p. ; _c26x17 cm. |
||
| 650 | 0 | _aMEDICINA | |
| 942 |
_2udc _cBK |
||
| 999 |
_c29018 _d29018 |
||
| 945 |
_a66467 _bMelina Rolando _c66467 _dMelina Rolando |
||